00344nam a2200133Ia 4500008004100000020001500041041001200056100001100068245005800079260003800137300000800175650001000183700001700193221030s9999 xx 000 0 und d a8173716966 aEnglish aB. Raj 0aAdvances in Stainless Steelscby B. Raj, K. B. S. Rao bUniversity PressaHyderabadc2010 a679 aCivil aK. B. S. Rao